000 00603nam a2200193 a 4500
005 20210223124755.0
008 021030s2001 mx r 000 0 spa d
020 _a9687870990
035 _aUPN01000120627
049 _aCG
050 4 _aPQ4221
_bF5.6
245 0 0 _aFiori di sonetti = Flores de sonetos /
_cEdicion de Antonio Alatorre.
260 _aMéxico :
_bAldus:
_bParéntesis :
_aEl Colegio Nacional,
_c2001.
300 _a178 p.
650 4 _aSONETOS ITALIANOS -
_xTRADUCCIONES AL ESPAÑOL
700 1 _aAlatorre Chávez, Antonio,
_d1922-2010
_eed.
_928688
902 _aMMA/gsm
905 _aLibro
999 _c92961
_d92961